Understanding Products as Services How the Internet and AI are Transforming Product Companies
Guardado en:
| Autor principal: | |
|---|---|
| Otros Autores: | , |
| Formato: | Libro |
| Lenguaje: | inglés |
| Publicado: |
Leeds
Emerald Publishing
2024
|
| Edición: | 1st Edition |
| Materias: | |
| Etiquetas: |
Sin Etiquetas, Sea el primero en etiquetar este registro!
|
MARC
| LEADER | 00000nam a2200000 4500 | ||
|---|---|---|---|
| 001 | 0311670 | ||
| 005 | 20250820102508.6 | ||
| 020 | |a 978-1-83797-823-6 | ||
| 041 | 0 | |a eng | |
| 044 | |a GB | ||
| 245 | 1 | 0 | |a Understanding Products as Services |b How the Internet and AI are Transforming Product Companies |c by Felix Wortmann ... [et al.] |
| 250 | |a 1st Edition | ||
| 264 | 1 | |a Leeds |b Emerald Publishing |c 2024 | |
| 300 | |a 228 s. | ||
| 500 | |a Emerald e-books. | ||
| 610 | 2 | 0 | |a produkty |
| 610 | 2 | 0 | |a obchod |
| 610 | 2 | 0 | |a predaj |
| 610 | 2 | 0 | |a modely podnikateľské |
| 610 | 2 | 0 | |a inteligencia umelá |
| 100 | 1 | |a Wortmann, Felix | |
| 700 | 1 | |a Gebauer, Heiko | |
| 700 | 1 | |a Lamprecht, Claudio | |